00646nam a2200217Ia 4500003000400000005001700004008004100021020001500062040001800077041000800095082002100103100001900124245008900143250000600232260003500238300002100273650004400294650003400338650002400372650003200396OSt20220122101429.0210716s2004 xx 000 0 und d a8176495855 cAIMIT LIBRARY aeng a352.48 21bDICT aDickey, Terry. aBasics of budgeting:bpractical guide to better business planning /bycTerry Dickey. a1 aNew Delhi:bViva Books,c2004. av,139p.; 21.5cm. aEffective planning in your organization aHow to build a strategic plan aHow to budget sales aHow to budget cost of sales